Is It In The Lyrics? Hey Jude - Statistics

General Stats
  • This quiz has been taken 53 times
  • The average score is 6 of 20
Answers on the Grid
Answers color-coded by a green-red scale on the quiz's grid according to % correct below.
world
skin
weight
bad
warm
song
time
sorrow
worse
rule
remember
love
refrain
planet
mad
pain
apart
heart
make
hour
minute
hotter
sad
carry
greater
afraid
forget
fool
explain
movement
end
begin
dude
shoulders
colder
distance
day
cool
complain
better
 
Answer Stats
Answer % Correct
world
63%
heart
52%
skin
52%
song
52%
better
48%
bad
41%
remember
37%
sad
37%
begin
30%
make
30%
refrain
30%
colder
26%
cool
26%
fool
22%
shoulders
22%
pain
19%
afraid
15%
carry
11%
minute
11%
movement
7%
No matching quizzes found
Score Distribution
Percent of People with Each Score
Percentile by Number Answered
Your Score History
You have not taken this quiz